[Event "RA Summer Pickup #1"]
[Site "Ottawa CAN"]
[Date "2003.05.15"]
[Round "3"]
[White "Predescu, Sebastian"]
[Black "Pacey, Kevin"]
[Result "0-1"]
[WhiteElo "2273"]
[BlackElo "2282"]
[PlyCount "44"]
[EventDate "2003.05.01"]
[EventType "swiss"]
[EventRounds "6"]
[EventCountry "CAN"]

1. e4 e6 2. d4 d5 3. e5 c5 4. c3 Nc6 5. Nf3 Qb6 6. a3 c4 7. Nbd2 f6 8. Be2 fxe5
9. Nxe5 Nf6 10. O-O Bd6 11. Nxc6 bxc6 12. Rb1 O-O 13. b3 cxb3 14. Rxb3 Qc7 15.
Nf3 c5 16. c4 cxd4 17. cxd5 e5 18. Rb2 d3 19. Bxd3 e4 20. Rc2 Qd7 21. Bxe4 Nxe4
22. Qd4 Nf6 0-1

[Event "RA Summer Pickup #1"]
[Site "Ottawa CAN"]
[Date "2003.05.22"]
[Round "4"]
[White "Pacey, Kevin"]
[Black "De Kerpel, Stijn"]
[Result "1/2-1/2"]
[WhiteElo "2282"]
[BlackElo "2095"]
[PlyCount "65"]
[EventDate "2003.05.01"]
[EventType "swiss"]
[EventRounds "6"]
[EventCountry "CAN"]

1. d4 d5 2. c4 Nc6 3. cxd5 Qxd5 4. e3 e5 5. Nc3 Bb4 6. Bd2 Bxc3 7. Bxc3 exd4 8.
Ne2 Nf6 9. Nxd4 O-O 10. Nxc6 Qxc6 11. Qd4 Be6 12. Qh4 Bf5 13. Bxf6 gxf6 14. Qc4
Qb6 15. O-O-O Rfd8 16. Bd3 Bxd3 17. Rxd3 Rxd3 18. Qxd3 Qc6+ 19. Qc3 Qxg2 20.
Rd1 Qxf2 21. Qd4 Re8 22. Qxa7 b6 23. Kb1 Qxh2 24. a3 Qe5 25. Ka1 h5 26. Qb7 h4
27. Qh1 Qxe3 28. Qxh4 Qg5 29. Qh2 Qe5 30. Qh6 Qg5 31. Qh2 Qe5 32. Qh6 Qg5 33.
Qh2 1/2-1/2

[Event "RA Summer Pickup #1"]
[Site "Ottawa CAN"]
[Date "2003.05.22"]
[Round "4"]
[White "Veltmann, Alfred"]
[Black "Raletich, George"]
[Result "0-1"]
[WhiteElo "1687"]
[BlackElo "1669"]
[PlyCount "102"]
[EventDate "2003.05.01"]
[EventType "swiss"]
[EventRounds "6"]
[EventCountry "CAN"]

1. e4 e6 2. d4 d5 3. Nc3 c6 4. Nf3 Be7 5. Bd3 Nf6 6. e5 Nfd7 7. Ne2 h6 8. c3 a6
9. Be3 b6 10. Qc2 Bb7 11. b3 c5 12. Qb2 Nc6 13. Rc1 O-O 14. Nf4 Re8 15. Bb1 Nf8
16. Nd3 c4 17. Nf4 Rb8 18. Qc2 cxb3 19. axb3 Rc8 20. Qe2 Ba3 21. Rc2 a5 22. Ra2
Be7 23. Bd3 Na7 24. Bd2 Bc6 25. b4 Rb8 26. O-O Nc8 27. Bb5 Na7 28. Bxc6 Nxc6
29. Qb5 Qc7 30. Rc1 Rec8 31. Ne2 Qd7 32. g3 Nxe5 33. Qxd7 Nxf3+ 34. Kg2 Nh4+
35. gxh4 Nxd7 36. bxa5 bxa5 37. Rxa5 Bxh4 38. Rc2 Rc4 39. Rca2 Rbc8 40. Ra8 Nb6
41. Rxc8+ Nxc8 42. Ra6 Be7 43. Bf4 g5 44. Bg3 Kg7 45. f3 h5 46. h3 h4 47. Bh2
Kg6 48. f4 Kf5 49. Kf3 Bd6 50. Rxd6 Nxd6 51. fxg5 Ne4 0-1

[Event "RA Summer Pickup #1"]
[Site "Ottawa CAN"]
[Date "2003.05.29"]
[Round "5"]
[White "Abt, Michael"]
[Black "Veltmann, Alfred"]
[Result "0-1"]
[WhiteElo "1717"]
[BlackElo "1687"]
[PlyCount "38"]
[EventDate "2003.05.01"]
[EventType "swiss"]
[EventRounds "6"]
[EventCountry "CAN"]

1. Nf3 Nf6 2. d4 d5 3. Bf4 e6 4. a3 c5 5. e3 Nc6 6. Nc3 a6 7. Ne5 Qb6 8. Na4
Qa7 9. dxc5 Bxc5 10. b4 Be7 11. c4 O-O 12. g4 Bd8 13. Nc3 Nd7 14. Nxc6 bxc6 15.
e4 e5 16. Bg3 d4 17. Ne2 a5 18. Qb3 axb4 19. Qxb4 Ba5 0-1

[Event "RA Summer Pickup #1"]
[Site "Ottawa CAN"]
[Date "2003.05.29"]
[Round "5"]
[White "Voloaca, Mihnea"]
[Black "Pacey, Kevin"]
[Result "1-0"]
[WhiteElo "2253"]
[BlackElo "2282"]
[PlyCount "81"]
[EventDate "2003.05.01"]
[EventType "swiss"]
[EventRounds "6"]
[EventCountry "CAN"]

1. Nf3 Nf6 2. g3 b6 3. Bg2 Bb7 4. O-O e6 5. c4 Be7 6. Nc3 O-O 7. d4 Na6 8. a3
d5 9. Ne5 c5 10. cxd5 exd5 11. Be3 Nc7 12. h3 Ne6 13. Nf3 Ne4 14. Qb3 Nxc3 15.
Qxc3 Rc8 16. Qd2 c4 17. h4 Bd6 18. Bh3 Rc7 19. h5 Be7 20. h6 g6 21. Bxe6 fxe6
22. Bg5 Bxg5 23. Nxg5 Bc8 24. f4 Qd6 25. Qb4 Qc6 26. Rf3 a5 27. Qd2 Bd7 28. Re3
Rf6 29. Nf3 Qa8 30. Ne5 Qc8 31. Ng4 Rf7 32. Re5 c3 33. bxc3 Rxc3 34. Re3 Rc2
35. Qd3 Rf8 36. Rb1 e5 37. Nxe5 Bf5 38. Qb5 Be4 39. Rxe4 dxe4 40. Qd5+ Kh8 41.
Nxg6+ 1-0

[Event "RA Summer Pickup #1"]
[Site "Ottawa CAN"]
[Date "2003.06.05"]
[Round "6"]
[White "Barclay, Wayne"]
[Black "Pacey, Kevin"]
[Result "0-1"]
[WhiteElo "2298"]
[BlackElo "2282"]
[PlyCount "134"]
[EventDate "2003.05.01"]
[EventType "swiss"]
[EventRounds "6"]
[EventCountry "CAN"]

1. d4 Nf6 2. c4 e6 3. Nc3 Bb4 4. e3 b6 5. Nge2 Ne4 6. Qc2 Bb7 7. Nf4 f5 8. Be2
O-O 9. O-O Nxc3 10. bxc3 Bd6 11. g3 Nc6 12. Rd1 Qf6 13. c5 Bxf4 14. exf4 bxc5
15. Ba3 g5 16. fxg5 Qxg5 17. Bxc5 d6 18. Rab1 Rab8 19. Ba3 Ba8 20. Rxb8 Rxb8
21. Bc4 Qh6 22. Qxf5 d5 23. Qg4+ Qg6 24. Qxg6+ hxg6 25. Bd3 Kf7 26. f4 Na5 27.
Rb1 Rxb1+ 28. Bxb1 Nc4 29. Bc5 a6 30. Bd3 Bc6 31. Ba7 Bb5 32. Kf2 Nb2 33. Bxb5
axb5 34. Ke2 c6 35. Bc5 Kf6 36. Kf3 Nd3 37. Bb4 Nc1 38. a3 Nd3 39. h4 Nb2 40.
Kg4 Nd3 41. Kf3 Nb2 42. Ba5 Nc4 43. Bb4 Nd2+ 44. Kg4 Ne4 45. Ba5 Kf7 46. Kh3
Kf6 47. g4 Kg7 48. Kg2 Nd6 49. Kf3 Nc4 50. Bb4 Nd2+ 51. Ke3 Nf1+ 52. Kf2 Nd2
53. Kg3 Ne4+ 54. Kh3 Nf2+ 55. Kg3 Ne4+ 56. Kg2 Nd2 57. Kh3 Nc4 58. h5 Nd2 59.
Kh4 Nf3+ 60. Kg3 Nd2 61. Kh3 Ne4 62. g5 gxh5 63. Kh4 Kg6 64. Ba5 Nf2 65. Bc7
Nd3 66. Bd6 Nc1 67. Bb4 Ne2 0-1

[Event "RA Summer Pickup #1"]
[Site "Ottawa CAN"]
[Date "2003.05.05"]
[Round "6"]
[White "Veltmann, Alfred"]
[Black "Yuan, Michael"]
[Result "0-1"]
[WhiteElo "1687"]
[BlackElo "1659"]
[Annotator ",Hugh"]
[PlyCount "92"]
[EventDate "2003.05.01"]
[EventType "swiss"]
[EventRounds "6"]
[EventCountry "CAN"]

1. Nf3 Nf6 2. c4 e6 3. d4 b6 4. g3 Bb7 5. Bg2 d5 6. O-O dxc4 7. Qa4+ Nbd7 8.
Nc3 a6 9. Qxc4 b5 10. Qb3 Be7 11. Bg5 O-O 12. Rac1 c5 13. Rfd1 c4 14. Qc2 Rc8
15. a3 b4 16. axb4 Bxb4 17. Ne5 Bxg2 18. Kxg2 Bxc3 19. bxc3 Nb6 20. e4 h6 21.
Be3 Qe8 22. Ra1 Ra8 23. d5 exd5 24. Nxf7 Qxf7 25. Bxb6 Nxe4 26. f4 Qh5 27. Ra5
Nf6 28. Re1 Rfe8 29. Raa1 Qg4 30. Bd4 Ne4 31. Qe2 Qxe2+ 32. Rxe2 Re6 33. Rea2
Kf7 34. Rb1 a5 35. Rb5 Rd6 36. Rb7+ Ke6 37. Rxg7 a4 38. g4 Rda6 39. f5+ Kd6 40.
Rg6+ Ke7 41. Rg7+ Kd6 42. f6 Ke6 43. Re7+ Kd6 44. Be5+ Kc6 45. Rc7+ Kb5 46. Bd4
a3 {Time?} 0-1

[Event "RA Summer Pickup #2"]
[Site "Ottawa CAN"]
[Date "2003.06.12"]
[Round "1"]
[White "Al Rayyan, Mohamad"]
[Black "Pacey, Kevin"]
[Result "1-0"]
[WhiteElo "2336"]
[BlackElo "2282"]
[PlyCount "77"]
[EventDate "2003.06.12"]
[EventType "swiss"]
[EventRounds "6"]
[EventCountry "CAN"]

1. e4 e6 2. d4 d5 3. Nc3 Bb4 4. e5 c5 5. a3 Bxc3+ 6. bxc3 Ne7 7. Qg4 Qc7 8.
Qxg7 Rg8 9. Qxh7 cxd4 10. Ne2 dxc3 11. f4 Nbc6 12. Qd3 Bd7 13. Rb1 O-O-O 14.
Qxc3 Nf5 15. g3 d4 16. Qd3 Nce7 17. Bg2 Bc6 18. Bxc6 Qxc6 19. O-O Kb8 20. Rf2
Rd7 21. Bb2 Rgd8 22. g4 Rg8 23. h3 Rdd8 24. Bxd4 Nd5 25. Qb3 Ka8 26. c4 Nde7
27. Bc5 Nc8 28. Bb4 Nb6 29. Rc1 Nh4 30. Qg3 Rh8 31. Be7 Nf5 32. gxf5 Rdg8 33.
Bg5 exf5 34. Rg2 Nxc4 35. h4 Qe4 36. Nc3 Qd4+ 37. Qf2 Qxf2+ 38. Kxf2 Nxa3 39.
Bf6 1-0

[Event "RA Summer Pickup #2"]
[Site "Ottawa CAN"]
[Date "2003.06.19"]
[Round "2"]
[White "Pacey, Kevin"]
[Black "Patterson, Roger"]
[Result "1/2-1/2"]
[WhiteElo "2284"]
[BlackElo "2200"]
[PlyCount "92"]
[EventDate "2003.06.12"]
[EventType "swiss"]
[EventRounds "6"]
[EventCountry "CAN"]

1. b3 e5 2. Bb2 Nc6 3. e3 d6 4. Nf3 Nf6 5. d4 Bg4 6. d5 Ne7 7. c4 g6 8. Be2 Bg7
9. O-O O-O 10. Nc3 Nd7 11. e4 Bxf3 12. Bxf3 f5 13. b4 a5 14. a3 b6 15. Qd3 Nf6
16. Bd1 f4 17. c5 g5 18. f3 axb4 19. axb4 bxc5 20. bxc5 Rxa1 21. Bxa1 Qa8 22.
Na4 g4 23. Kh1 gxf3 24. gxf3 Kh8 25. Bb2 Nh5 26. Rg1 Rf6 27. Rg2 Rh6 28. Kg1
Ng6 29. Kf1 Nh4 30. Rf2 Qc8 31. Ke1 Rg6 32. Qf1 Bf6 33. Kd2 Qg8 34. Ba3 Be7 35.
cxd6 cxd6 36. Qa6 Ng2 37. Kc3 Ne3 38. Bb3 Nf6 39. Nb6 Rg2 40. Re2 Rxe2 41. Qxe2
Qg1 42. Nc4 Nxc4 43. Bxc4 Nd7 44. Bb5 Nc5 45. Bxc5 dxc5 46. Kc2 Kg7 1/2-1/2

[Event "RA Summer Pickup #2"]
[Site "Ottawa CAN"]
[Date "2003.06.26"]
[Round "3"]
[White "Pacey, Kevin"]
[Black "Predescu, Sebastian"]
[Result "1-0"]
[WhiteElo "2282"]
[BlackElo "2273"]
[PlyCount "57"]
[EventDate "2003.06.12"]
[EventType "swiss"]
[EventRounds "6"]
[EventCountry "CAN"]

1. d4 Nf6 2. c4 g6 3. Nc3 Bg7 4. e4 d6 5. Be2 O-O 6. Bg5 Na6 7. f4 c6 8. e5
dxe5 9. fxe5 Nd7 10. c5 b6 11. Qa4 Ndb8 12. Rd1 bxc5 13. dxc5 Qc7 14. Qh4 Re8
15. Nf3 Nxc5 16. O-O Ne6 17. Bh6 Nd7 18. Bxg7 Kxg7 19. Bc4 Ndf8 20. Rd2 f6 21.
exf6+ exf6 22. Ne4 Qe7 23. Nd6 Rd8 24. Rfd1 Rd7 25. Bxe6 Qxe6 26. Re1 Qxd6 27.
Rxd6 Rxd6 28. Re7+ Kg8 29. Qh6 1-0

[Event "RA Summer Pickup #2"]
[Site "Ottawa CAN"]
[Date "2003.07.03"]
[Round "4"]
[White "Nezirovic, Ozren"]
[Black "Pacey, Kevin"]
[Result "0-1"]
[WhiteElo "2170"]
[BlackElo "2282"]
[PlyCount "68"]
[EventDate "2003.06.12"]
[EventType "swiss"]
[EventRounds "6"]
[EventCountry "CAN"]

1. e4 e6 2. d4 d5 3. Nc3 Bb4 4. e5 Ne7 5. a3 Bxc3+ 6. bxc3 c5 7. Qg4 Qc7 8.
Qxg7 Rg8 9. Qxh7 cxd4 10. Ne2 dxc3 11. f4 Nbc6 12. Qd3 Bd7 13. h4 O-O-O 14. Rb1
Nf5 15. h5 d4 16. Rg1 Nh6 17. g3 Ng4 18. Bg2 a6 19. Be4 f5 20. exf6 Nxf6 21.
Bf3 e5 22. Bxc6 Bxc6 23. Qf5+ Nd7 24. h6 Rgf8 25. Qh3 Bf3 26. Qf1 Be4 27. Rb4
a5 28. Nxc3 axb4 29. Nxe4 Nf6 30. Qh3+ Kb8 31. Nxf6 Rxf6 32. fxe5 Qxe5+ 33. Kd1
d3 34. Bf4 Rxf4 0-1

[Event "RA Summer Pickup #2"]
[Site "Ottawa CAN"]
[Date "2003.07.10"]
[Round "5"]
[White "Pacey, Kevin"]
[Black "Valdizon, Armando"]
[Result "1/2-1/2"]
[WhiteElo "2282"]
[BlackElo "2295"]
[PlyCount "60"]
[EventDate "2003.06.12"]
[EventType "swiss"]
[EventRounds "6"]
[EventCountry "CAN"]

1. d4 Nf6 2. c4 g6 3. Nc3 Bg7 4. e4 d6 5. Be2 e5 6. d5 Nbd7 7. Bg5 h6 8. Be3
Nc5 9. f3 a5 10. Qd2 Bd7 11. Bd1 O-O 12. Nge2 Kh7 13. Bc2 Qe8 14. O-O h5 15. b3
Ng8 16. Rab1 f5 17. exf5 Bxf5 18. Ng3 Nh6 19. Nge4 Nxe4 20. Bxe4 b6 21. h3 Bxe4
22. Nxe4 Nf5 23. g4 Nxe3 24. Qxe3 Bh6 25. Qd3 Kh8 26. Kg2 Qe7 27. Qc3 Rf4 28.
Rbd1 Raf8 29. Qe1 Bg5 30. Qe2 R8f7 1/2-1/2

[Event "RA Summer Pickup #2"]
[Site "Ottawa CAN"]
[Date "2003.07.17"]
[Round "6"]
[White "Djerkovic, Miladin"]
[Black "Pacey, Kevin"]
[Result "1-0"]
[WhiteElo "2267"]
[BlackElo "2282"]
[PlyCount "77"]
[EventDate "2003.06.12"]
[EventType "swiss"]
[EventRounds "6"]
[EventCountry "CAN"]

1. e4 e5 2. Nf3 Nc6 3. Bb5 a6 4. Ba4 Nf6 5. O-O Be7 6. Re1 b5 7. Bb3 O-O 8. a4
Bb7 9. d3 d6 10. c3 Na5 11. Bc2 c5 12. Nbd2 g6 13. Nf1 Re8 14. Ng3 Bf8 15. h3
Bg7 16. Bg5 h6 17. Be3 Qe7 18. Qd2 Kh7 19. b4 cxb4 20. cxb4 Nc6 21. d4 exd4 22.
Nxd4 bxa4 23. Ndf5 Qf8 24. Nxg7 Qxg7 25. Qxd6 Rad8 26. Qc7 Nxb4 27. Bxa4 Bc6
28. Bxc6 Rc8 29. Qb6 Nxc6 30. Rac1 Nd7 31. Qxa6 Ndb8 32. Qb5 Qf6 33. Red1 Ne7
34. e5 Qe6 35. Ne4 Rxc1 36. Rxc1 Ng8 37. Rc7 Kg7 38. Nd6 Rf8 39. Rb7 1-0

[Event "RA Summer Pickup #3"]
[Site "Ottawa CAN"]
[Date "2003.07.24"]
[Round "1"]
[White "Holmes, Mike"]
[Black "Veltmann, Alfred"]
[Result "0-1"]
[WhiteElo "1781"]
[BlackElo "1610"]
[PlyCount "162"]
[EventDate "2003.07.24"]
[EventType "swiss"]
[EventRounds "5"]
[EventCountry "CAN"]

1. e4 e5 2. Bc4 Nf6 3. Nf3 Bd6 4. Nc3 c6 5. O-O O-O 6. d4 Qe7 7. Bg5 Bc7 8. Qd2
d6 9. h3 Nbd7 10. a4 Ba5 11. Rfe1 Nb6 12. Bd3 Qe6 13. Qe2 h6 14. Bd2 Nh7 15.
Reb1 Nd7 16. b4 Bc7 17. d5 Qe7 18. dxc6 bxc6 19. b5 Bb7 20. bxc6 Bxc6 21. Nb5
Nc5 22. Nxc7 Qxc7 23. a5 Rfb8 24. Nh4 Bd7 25. Bc4 Be6 26. Bxe6 Nxe6 27. Rxb8+
Rxb8 28. Qg4 Nf6 29. Qd1 Nxe4 30. Be3 Nf6 31. Nf5 d5 32. c3 Qd7 33. Rb1 Rb7 34.
a6 Rc7 35. Rb3 Nc5 36. Bxc5 Rxc5 37. Rb8+ Kh7 38. Qb1 g6 39. Ne3 d4 40. cxd4
exd4 41. Rb7 Rc7 42. Nc4 Nd5 43. Ne5 Qc8 44. Rxc7 Qxc7 45. Nd3 Nb6 46. g3 Qc4
47. Kg2 Qxa6 48. Ne5 Qb7+ 49. Kh2 Qd5 50. f4 Kg7 51. Qd3 Nd7 52. Nf3 Nc5 53.
Qxd4+ Qxd4 54. Nxd4 a5 55. Nb5 a4 56. Kg2 Kf6 57. g4 Ke6 58. h4 Kd5 59. h5 gxh5
60. g5 hxg5 61. fxg5 Ne6 62. Kh3 Nxg5+ 63. Kh4 Kc4 64. Nd6+ Kb4 65. Kxg5 h4 66.
Kxh4 f6 67. Kg4 a3 68. Ne4 a2 69. Nxf6 a1=Q 70. Kf5 Kc4 71. Ng4 Kd4 72. Nf6
Qa5+ 73. Kg4 Qe5 74. Nh5 Qe7 75. Kf5 Qh7+ 76. Kg4 Ke5 77. Ng3 Qg7+ 78. Kh4 Qg6
79. Kh3 Kf4 80. Ne2+ Kf3 81. Nd4+ Kf2 0-1

[Event "RA Summer Pickup #3"]
[Site "Ottawa CAN"]
[Date "2003.07.24"]
[Round "1"]
[White "Voloaca, Mihnea"]
[Black "Pacey, Kevin"]
[Result "0-1"]
[WhiteElo "2268"]
[BlackElo "2282"]
[PlyCount "86"]
[EventDate "2003.07.24"]
[EventType "swiss"]
[EventRounds "5"]
[EventCountry "CAN"]

1. Nf3 Nf6 2. c4 e6 3. g3 d5 4. Bg2 c5 5. cxd5 exd5 6. d4 Nc6 7. Nc3 Be7 8. O-O
O-O 9. Bg5 cxd4 10. Nxd4 h6 11. Be3 Re8 12. h3 Bf8 13. Qd2 Be6 14. Rfd1 Qd7 15.
Nxe6 fxe6 16. Ne4 Qf7 17. Nxf6+ Qxf6 18. Rac1 Bb4 19. Qc2 Rf8 20. a3 Bd6 21.
Qd3 Rf7 22. b4 a6 23. Rf1 Bf8 24. f4 Rd7 25. Bb6 Kh8 26. e4 Ne7 27. Rfd1 Qf7
28. Qe2 Rc8 29. Rxc8 Nxc8 30. Bd4 a5 31. exd5 exd5 32. bxa5 Bxa3 33. Qb5 Qe6
34. Be5 Ne7 35. Qb3 Bd6 36. Bc3 Qe3+ 37. Kh2 Nf5 38. Rd3 Qe2 39. Qxd5 Ne3 40.
Rxe3 Qxe3 41. Be5 Bc5 42. Bxg7+ Rxg7 43. Qd8+ Kh7 0-1

[Event "RA Summer Pickup #3"]
[Site "Ottawa CAN"]
[Date "2003.07.31"]
[Round "2"]
[White "Pacey, Kevin"]
[Black "Patterson, Roger"]
[Result "1-0"]
[WhiteElo "2282"]
[BlackElo "2217"]
[PlyCount "41"]
[EventDate "2003.07.24"]
[EventType "swiss"]
[EventRounds "5"]
[EventCountry "CAN"]

1. e4 e5 2. Nf3 Nc6 3. Bc4 Bc5 4. b4 Bxb4 5. c3 Be7 6. Qb3 Nh6 7. d4 Na5 8. Qb5
Nxc4 9. Bxh6 gxh6 10. Qxc4 exd4 11. cxd4 O-O 12. O-O d5 13. exd5 Bf5 14. Nc3 a6
15. Rfe1 b5 16. Qb3 Qd6 17. Ne5 Rfe8 18. Ne4 Bxe4 19. Rxe4 f5 20. Rf4 Qa3 21.
Qc2 1-0

[Event "RA Summer Pickup #3"]
[Site "Ottawa CAN"]
[Date "2003.08.07"]
[Round "3"]
[White "Loizides, Yiannis"]
[Black "Veltmann, Alfred"]
[Result "1/2-1/2"]
[WhiteElo "1506"]
[BlackElo "1610"]
[PlyCount "111"]
[EventDate "2003.07.24"]
[EventType "swiss"]
[EventRounds "5"]
[EventCountry "CAN"]

1. d4 Nf6 2. Nf3 e6 3. Bg5 h6 4. Bh4 d5 5. e3 Nbd7 6. Bd3 c5 7. c3 Qb6 8. Qc1
Bd6 9. O-O O-O 10. Nbd2 Re8 11. e4 Nxe4 12. Nxe4 dxe4 13. Bxe4 Qc7 14. Bg3 Nf6
15. Bc2 Bd7 16. Qd2 Bc6 17. dxc5 Bxg3 18. fxg3 Be4 19. b4 Bxc2 20. Qxc2 b6 21.
cxb6 axb6 22. c4 Rec8 23. Rfc1 Rd8 24. c5 bxc5 25. Qxc5 Qxc5+ 26. Rxc5 Ra4 27.
a3 Nd5 28. Ne5 Rda8 29. Nc4 Nxb4 30. Rc7 Nd5 31. Rc6 Kf8 32. Rb1 R8a7 33. Nd6
g6 34. Rf1 Kg8 35. Rc8+ Kg7 36. Ne8+ Kh7 37. Nd6 f5 38. Re8 Re7 39. Rxe7+ Nxe7
40. Re1 Rxa3 41. Rxe6 Ra7 42. Nc4 g5 43. Ne5 Ng8 44. Kf2 Re7 45. Rxe7+ Nxe7 46.
Kf3 Kg7 47. h4 Ng6 48. Nxg6 Kxg6 49. g4 gxh4 50. gxf5+ Kxf5 51. g3 h3 52. g4+
Kg5 53. Kg3 h2 54. Kxh2 Kxg4 55. Kg2 h5 56. Kh2 1/2-1/2

[Event "RA Summer Pickup #3"]
[Site "Ottawa CAN"]
[Date "2003.08.07"]
[Round "3"]
[White "Pacey, Kevin"]
[Black "Nezirovic, Ozren"]
[Result "1-0"]
[WhiteElo "2282"]
[BlackElo "2185"]
[PlyCount "123"]
[EventDate "2003.07.24"]
[EventType "swiss"]
[EventRounds "5"]
[EventCountry "CAN"]

1. d4 Nf6 2. c4 g6 3. Nc3 Bg7 4. e4 d6 5. Be2 O-O 6. Bg5 c5 7. d5 e6 8. Nf3 h6
9. Bh4 g5 10. Bg3 e5 11. Nd2 Na6 12. a3 Nc7 13. b4 b6 14. O-O Bd7 15. Nb3 Qc8
16. h3 Na6 17. b5 Nc7 18. a4 Kh7 19. Nc1 Kg6 20. Nd3 Re8 21. a5 Rb8 22. axb6
axb6 23. Ra7 Re7 24. Qc2 Re8 25. f4 gxf4 26. Bxf4 Kh7 27. Bg3 Kg8 28. Kh2 Rb7
29. Rxb7 Qxb7 30. Bh4 Nh7 31. Bh5 f6 32. Bxe8 Nxe8 33. Qa2 Nf8 34. Nd1 Bc8 35.
Ne3 Ng6 36. Bg3 Nf8 37. Ra1 Qf7 38. Qa7 Qg6 39. Nf2 h5 40. h4 Bh6 41. Nf5 Bxf5
42. exf5 Qxf5 43. Qe7 Bf4 44. Qxe8 Bxg3+ 45. Kxg3 Qf4+ 46. Kh3 Qf5+ 47. Kh2
Qxf2 48. Qxh5 Qf4+ 49. Kh1 Qxc4 50. Qh6 Qxd5 51. Ra7 Qd1+ 52. Kh2 Qg4 53. Qxf6
Qf4+ 54. Qxf4 exf4 55. Rb7 c4 56. Rxb6 d5 57. Rd6 c3 58. Rxd5 Ne6 59. Rd6 c2
60. Rc6 Nd4 61. Rc8+ Kf7 62. b6 1-0

[Event "RA Summer Pickup #3"]
[Site "Ottawa CAN"]
[Date "2003.08.21"]
[Round "4"]
[White "De Kerpel, Stijn"]
[Black "Pacey, Kevin"]
[Result "1-0"]
[WhiteElo "2061"]
[BlackElo "2282"]
[PlyCount "151"]
[EventDate "2003.07.24"]
[EventType "swiss"]
[EventRounds "5"]
[EventCountry "CAN"]

1. e4 e6 2. Nf3 d5 3. Nc3 d4 4. Ne2 c5 5. c3 Nc6 6. cxd4 cxd4 7. Qa4 Bc5 8. b4
Bxb4 9. Nexd4 Nge7 10. Bb5 Qa5 11. Ne5 a6 12. Bxc6+ Nxc6 13. Qxa5 Nxa5 14. O-O
f6 15. Nef3 e5 16. Nc2 Be7 17. h3 Bd7 18. d4 exd4 19. Ncxd4 O-O 20. Rb1 b5 21.
e5 fxe5 22. Nxe5 Be8 23. Bd2 Bd6 24. f4 Bc5 25. Be3 Rf6 26. Rbc1 Bb6 27. Nf5
Bxe3+ 28. Nxe3 Rd8 29. Rc7 Bf7 30. f5 Bxa2 31. N3g4 Rb6 32. Ra1 b4 33. Rxa2 b3
34. Rb2 h5 35. Ne3 Rb5 36. Nf3 Nb7 37. g4 a5 38. Rc4 Nc5 39. Rxc5 Rxc5 40. Rxb3
hxg4 41. hxg4 a4 42. Ra3 Ra8 43. Kf2 Rb5 44. Nd4 Rb4 45. Nec2 Rb2 46. Ke3 Kf7
47. Rc3 Ra7 48. Kf4 Rb1 49. g5 g6 50. f6 Rb6 51. Nf3 Rxf6+ 52. gxf6 Kxf6 53.
Rc6+ Kg7 54. Na3 Rf7+ 55. Kg4 Re7 56. Rc4 Ra7 57. Nh4 Ra6 58. Rb4 Kf6 59. Rb5
Rd6 60. Nf3 Rd3 61. Rb6+ Ke7 62. Nc4 g5 63. Ra6 a3 64. Nxa3 Rd6 65. Ra5 Rd1 66.
Kxg5 Kd6 67. Nc4+ Kc6 68. Nfe5+ Kc7 69. Ra7+ Kd8 70. Kf6 Rf1+ 71. Ke6 Re1 72.
Nb6 Re2 73. Nd5 Kc8 74. Kd6 Rd2 75. Nd7 Rh2 76. Ne7+ 1-0

[Event "RA Summer Pickup #3"]
[Site "Ottawa CAN"]
[Date "2003.08.21"]
[Round "4"]
[White "Veltmann, Alfred"]
[Black "Hawley, Robert"]
[Result "1-0"]
[WhiteElo "1610"]
[BlackElo "1100"]
[PlyCount "125"]
[EventDate "2003.07.24"]
[EventType "swiss"]
[EventRounds "5"]
[EventCountry "CAN"]

1. e4 c5 2. Ne2 e6 3. g3 Nc6 4. Bg2 d5 5. O-O Nf6 6. d3 Be7 7. f4 O-O 8. e5 Ne8
9. c3 b5 10. Na3 a6 11. Nc2 Bb7 12. Be3 Rb8 13. Bf2 c4 14. Kh1 Nc7 15. Ned4 Re8
16. Nxc6 Bxc6 17. Nd4 Bb7 18. f5 Ba8 19. Qg4 exf5 20. Nxf5 g6 21. Nh6+ Kg7 22.
Be3 Rf8 23. Rf2 Ne6 24. h4 d4 25. Nf5+ Kh8 26. Nxd4 h5 27. Qe2 Bxg2+ 28. Rxg2
cxd3 29. Qf3 Rc8 30. Rd1 Rc5 31. Bh6 Ng7 32. Rxd3 Qd5 33. Qxd5 Rxd5 34. Re3 Bc5
35. Re4 Bxd4 36. cxd4 Rfd8 37. Bxg7+ Kxg7 38. Rd2 f5 39. exf6+ Kxf6 40. Rf4+
Kg7 41. Kg2 Kh6 42. Kf3 R8d6 43. Ke3 g5 44. Re4 Kg6 45. Rc2 g4 46. Rc5 Kf6 47.
b4 Rf5 48. Rxf5+ Kxf5 49. Re5+ Kg6 50. Ke4 Rf6 51. Rg5+ Kh6 52. Rf5 Re6+ 53.
Re5 Rf6 54. d5 Rf2 55. d6 Re2+ 56. Kf5 Rd2 57. Ke6 Kg7 58. Ke7 Rc2 59. d7 Rc7
60. Ke8 Kf6 61. d8=Q+ Kxe5 62. Qxc7+ Kd4 63. Ke7 1-0

[Event "RA Summer Pickup #3"]
[Site "Ottawa CAN"]
[Date "2003.08.28"]
[Round "5"]
[White "Veltmann, Alfred"]
[Black "Schaper, Grant"]
[Result "0-1"]
[WhiteElo "1610"]
[BlackElo "1487"]
[PlyCount "56"]
[EventDate "2003.07.24"]
[EventType "swiss"]
[EventRounds "5"]
[EventCountry "CAN"]

1. e4 c5 2. Ne2 d6 3. d4 cxd4 4. Nxd4 Nf6 5. Nc3 a6 6. Bg5 e6 7. Qd2 Be7 8.
O-O-O Nc6 9. f4 O-O 10. Nxc6 bxc6 11. Bxf6 gxf6 12. g4 Kh8 13. Bc4 d5 14. Bb3
dxe4 15. Nxe4 Qxd2+ 16. Rxd2 e5 17. f5 Bb7 18. Nd6 Bxd6 19. Rxd6 c5 20. Rg1 e4
21. Rxf6 Kg7 22. Rb6 Rab8 23. Bc4 e3 24. Rg3 Rfe8 25. Rb3 e2 26. Bxe2 Rxe2 27.
Rbc3 Rd8 28. Rxc5 Re1# 0-1

[Event "RA Summet Pickup #2"]
[Site "Ottawa CAN"]
[Date "2003.06.12"]
[Round "1"]
[White "Veltmann, Alfred"]
[Black "Yuan, Yuanling"]
[Result "0-1"]
[WhiteElo "1668"]
[BlackElo "1517"]
[PlyCount "76"]
[EventDate "2003.06.12"]
[EventType "swiss"]
[EventRounds "6"]
[EventCountry "CAN"]

1. e4 c5 2. Nf3 Nc6 3. d4 cxd4 4. Nxd4 g6 5. Be3 Bg7 6. Nc3 Nf6 7. Qd2 O-O 8.
Be2 e6 9. g4 d5 10. Nxc6 bxc6 11. e5 Nd7 12. f4 Bb7 13. Na4 d4 14. Bf2 c5 15.
Rg1 Bc6 16. b3 Bxa4 17. bxa4 Rb8 18. Bb5 Nb6 19. c3 dxc3 20. Qxc3 Rc8 21. Rc1
Nd5 22. Qf3 Qa5+ 23. Kf1 a6 24. Be1 Qb6 25. Bc4 Rcd8 26. Rg2 f6 27. Bxd5 fxe5
28. Bxe6+ Qxe6 29. f5 gxf5 30. Bf2 fxg4 31. Qxg4 Qxg4 32. Rxg4 Rd2 33. Rg2 Rxa2
34. Ke1 Rxa4 35. Bxc5 Rc8 36. Be3 Rxc1+ 37. Bxc1 Ra1 38. Kd1 Kh8 0-1

[Event "RA Summet Pickup #2"]
[Site "Ottawa CAN"]
[Date "2003.06.19"]
[Round "2"]
[White "Veltmann, Alfred"]
[Black "Hawley, Robert"]
[Result "0-1"]
[WhiteElo "1668"]
[BlackElo "1554"]
[PlyCount "90"]
[EventDate "2003.06.12"]
[EventType "swiss"]
[EventRounds "6"]
[EventCountry "CAN"]

1. Nf3 d5 2. d4 c5 3. dxc5 e6 4. e4 Bxc5 5. Bb5+ Nc6 6. e5 d4 7. O-O Nge7 8. c3
Qb6 9. Ba4 O-O 10. cxd4 Nxd4 11. Nc3 Rd8 12. Nxd4 Bxd4 13. Qh5 g6 14. Qg5 Nd5
15. Ne4 Qc7 16. Nd6 Bxe5 17. Nxf7 Kxf7 18. Qh6 Bg7 19. Qh3 e5 20. Qf3+ Nf6 21.
h3 e4 22. Bb3+ Be6 23. Bxe6+ Kxe6 24. Qb3+ Nd5 25. Be3 Ke7 26. Rac1 Qb8 27.
Bc5+ Kf7 28. Rfe1 b6 29. Ba3 Qe5 30. Rc4 Bf6 31. Rcxe4 Qg5 32. Be7 Rd7 33. Bxf6
Kxf6 34. Re5 Qd2 35. Qf3+ Qf4 36. Re6+ Kf7 37. Qd3 Rad8 38. R6e4 Qf6 39. Qc4
Kg7 40. Qe2 Rf8 41. f3 Rff7 42. Qb5 Rfe7 43. a3 Rxe4 44. Rxe4 Qd6 45. Qb3 Nf4
0-1

[Event "RA Summet Pickup #2"]
[Site "Ottawa CAN"]
[Date "2003.06.26"]
[Round "3"]
[White "Yao, Sammy"]
[Black "Veltmann, Alfred"]
[Result "1-0"]
[WhiteElo "1667"]
[BlackElo "1668"]
[PlyCount "87"]
[EventDate "2003.06.12"]
[EventType "swiss"]
[EventRounds "6"]
[EventCountry "CAN"]

1. e4 e5 2. Nf3 Nc6 3. Bb5 a6 4. Ba4 Nf6 5. O-O b5 6. Bb3 Be7 7. Re1 O-O 8. c3
d6 9. h3 Na5 10. Bc2 c5 11. d4 cxd4 12. cxd4 Qc7 13. Bd2 Nc4 14. Bc3 exd4 15.
Qxd4 Qc5 16. Qxc5 dxc5 17. b3 Nb6 18. Nbd2 Bb7 19. Re2 Rfe8 20. Rae1 Rac8 21.
Nh4 g6 22. Nhf3 Nh5 23. g3 b4 24. Bb2 c4 25. Bd4 Bc5 26. Bxc5 Rxc5 27. bxc4
Nxc4 28. Nb3 Rcc8 29. Bd3 Ne5 30. Nxe5 Rxe5 31. Rc2 Rxc2 32. Bxc2 Nf6 33. f3
Nd5 34. Nc5 Bc8 35. Nd3 Re7 36. exd5 Rxe1+ 37. Nxe1 Kf8 38. h4 Ke7 39. Kf2 Bd7
40. Nd3 a5 41. Ke3 Kd6 42. Kd4 f6 43. Nc5 Bc8 44. Ne4+ 1-0